Nociones de Aritmética, Geometría y Física (Record no. 123286)

MARC details
000 -LEADER
campo de control de longitud fija 00543nam a2200157 4500
001 - NÚMERO DE CONTROL
campo de control 123286
003 - IDENTIFICADOR DE NÚMERO DE CONTROL
campo de control ES-MaACL
005 - FECHA Y HORA DE LA ÚLTIMA TRANSACCIÓN
campo de control 20230906192138.0
007 - CAMPO FIJO DE DESCRIPCIÓN FÍSICA--INFORMACIÓN GENERAL
campo de control de longitud fija t|
008 - DATOS DE LONGITUD FIJA--INFORMACIÓN GENERAL
campo de control de longitud fija 070214s1948 sp r ||||0| spa d
100 1# - ENTRADA PRINCIPAL--NOMBRE DE PERSONA
Nombre de persona Rabasa Domenech, M.
9 (RLIN) 94843
245 10 - MENCIÓN DEL TÍTULO
Título Nociones de Aritmética, Geometría y Física
Resto del título : descripción del automóvil /
Mención de responsabilidad, etc. M. Rabasa Domenech.
260 ## - PUBLICACIÓN, DISTRIBUCIÓN, ETC.
Lugar de publicación, distribución, etc. Madrid :
Nombre del editor, distribuidor, etc. [s. n.],
Fecha de publicación, distribución, etc. 1948 (
Fabricante Imp. Grupo de Automóviles del Primer Cuerpo de Ejército)
300 ## - DESCRIPCIÓN FÍSICA
Extensión 414 p :
Otras características físicas il ;
Dimensiones 21 cm.
852 ## - LOCALIZACIÓN
Ubicación ES-MaACL
Número de control de estantería C-5654
Sublocalización o colección R.26335
Holdings
Estatus retirado Estado de pérdida Estado de daño No para préstamo Biblioteca de origen Biblioteca actual Ubicación en estantería Fecha de adquisición Fuente de adquisición Total de préstamos Signatura topográfica completa Código de barras Visto por última vez Precio de reemplazo Tipo de ítem Koha
        Biblioteca del Ateneo de Madrid Biblioteca del Ateneo de Madrid Sala Palomar 17/01/2008     C-5654 1128458 23/02/2023 23/02/2023 Libro impreso